| 000 | 01099nam a2200277 a 4500 | ||
|---|---|---|---|
| 001 | 000015173 | ||
| 005 | 20200929163956.0 | ||
| 008 | 100202s2001 dr 001 0 spa d | ||
| 040 |
_aDO-SdBNP _bspa _cBNPHU |
||
| 082 |
_a320.97293 _bA162L |
||
| 100 | 1 |
_aAbréu, Radamés _92771 |
|
| 245 | 1 | 0 |
_aLuchas por el poder (1924-2000) / _cRadamés Abréu. |
| 260 |
_aSanto Domingo : _bTaller, _c2001. |
||
| 300 |
_a289 p. ; _c21 cm. |
||
| 590 | _aInventariado, 2018/ YL | ||
| 500 | _aIncluye datos biograficos del autor en la solapa de la cubierta | ||
| 500 | _aIncluye índice de nombres | ||
| 500 | _aIncluye referencias bibliográficas y notas al pie de la parte | ||
| 504 | _aBibliografía : p. 291-295 | ||
| 590 | _aLa biblioteca posee 2 ejemplares autográficados por el autor | ||
| 590 | _aInventariado, 2018/ YL | ||
| 650 | 4 |
_aPartidos políticos _zRepública Dominicana _y1924-2000 _934360 |
|
| 650 | 4 |
_aLiderazgo político _zRepública Dominicana _y1924-2000 _934361 |
|
| 651 | 4 |
_aRepública Dominicana _xPolítica Y Gobierno _y1924-2000 _934362 |
|
| 910 | _aValidado. Control de calidad MFF | ||
| 999 |
_c14744 _d14744 |
||